00730nam a22002057a 450000500170000001000130001702000230003003500130005303700160006604000120008208200180009410000210011224501170013326000500025027000640030030000290036450000530039365000320044665000460047820170124110252.0 aB-167323 c500.00a8180690342 aB-167323 bCen Lib/Ret aDPLbEN a307.7412bRAO aRao, Mohan R.M.  aGrowth and rural transformation : ba comparative study of the Republic of Korea and India /cby R.M. Mohan Rao  aNew Delhi bConcept Publishing Company c2004 bNew Delhi aA/15-16, commercial block Mohan garden e110059 axxviii, 248p. c21cm(Hb) aIncludes appendix and bibliographical reference  aRural development -- Korea. aAgriculture -- Economic aspects -- Korea.